| 000 | 00830nas a2200253 4500 | ||
|---|---|---|---|
| 001 | BR8101416 | ||
| 003 | BR-BrBNA | ||
| 005 | 20231205084551.0 | ||
| 007 | ta | ||
| 008 | 230509b bl.|||p| |||| 00| 00por d | ||
| 040 |
_aBR-BrBNA _bpor _cBiblioteca Nacional de Agricultura |
||
| 041 | _a(Pt) | ||
| 072 | _aQ10; S10 | ||
| 100 | 1 | _aMunck, A.V. | |
| 245 | 1 | _aUso de acido latico e sais fundentes na fabricacao de requeijao cremoso [Brasil] | |
| 650 | _aTecnologia de alimento | ||
| 650 | _aComposicao de alimento | ||
| 650 | _aRequeijao | ||
| 650 | _aAcido latico | ||
| 650 | _aIndustria alimenticia | ||
| 773 | 0 |
_tInforme Agropecuario - Empresa de Pesquisa Agropecuaria de Minas Gerais (Brazil) _xISSN 0100-3364 _g(May 1981), v. 7(77) p. 24 _wBR8101416 |
|
| 909 |
_a202311 _bLúcia _c55 _dLúcia Elande |
||
| 942 |
_2AGRIS _n0 _cANA |
||
| 999 |
_c105965 _d105965 |
||